Разработка методов исследования изотопозамещенных молекул в задачах колебательно-вращательной спектроскопии: автореферат диссертации на соискание ученой степени кандидата физико-математических наук; спец. 1.3.6
| Yazar: | |
|---|---|
| Kurumsal yazarlar: | , |
| Diğer Yazarlar: | |
| Özet: | Заглавие с титульного экрана Электронная версия печатной публикации Защита сост. 26.12.2022 |
| Dil: | Rusça |
| Baskı/Yayın Bilgisi: |
Томск, 2022
|
| Konular: | |
| Online Erişim: | http://earchive.tpu.ru/handle/11683/73682 |
| Materyal Türü: | Elektronik Kitap |
| KOHA link: | https://koha.lib.tpu.ru/cgi-bin/koha/opac-detail.pl?biblionumber=371537 |
MARC
| LEADER | 00000nlm0a2200000 4500 | ||
|---|---|---|---|
| 001 | 371537 | ||
| 005 | 20240112100434.0 | ||
| 035 | |a (RuTPU)RU\TPU\retro\28947 | ||
| 035 | |a RU\TPU\retro\28905 | ||
| 090 | |a 371537 | ||
| 100 | |a 20221026d2022 k y0rusy50 ca | ||
| 101 | 0 | |a rus | |
| 102 | |a RU | ||
| 105 | |a a dm 000zy | ||
| 135 | |a drcn ---uucaa | ||
| 181 | 0 | |a i | |
| 182 | 0 | |a b | |
| 200 | 1 | |a Разработка методов исследования изотопозамещенных молекул в задачах колебательно-вращательной спектроскопии |e автореферат диссертации на соискание ученой степени кандидата физико-математических наук |e спец. 1.3.6 |f А. С. Белова |g Национальный исследовательский Томский политехнический университет ; науч. рук. Е. С. Бехтерева | |
| 203 | |a Текст |c электронный | ||
| 210 | |a Томск |d 2022 | ||
| 215 | |a 1 файл (771 КБ) | ||
| 300 | |a Заглавие с титульного экрана | ||
| 300 | |a Электронная версия печатной публикации | ||
| 300 | |a Защита сост. 26.12.2022 | ||
| 338 | |b Российский научный фонд |d 18-72-00032 | ||
| 338 | |b Российский научный фонд |d 18-12-00058 | ||
| 338 | |b Российский фонд фундаментальных исследований |d 20-32-90004 | ||
| 606 | 1 | |a Спектроскопия молекулярная |x (молекулярная физика) |2 stltpush |3 (RuTPU)RU\TPU\subj\55806 |9 73767 | |
| 610 | 1 | |a электронный ресурс | |
| 610 | 1 | |a авторефераты диссертаций | |
| 610 | 1 | |a труды учёных ТПУ | |
| 610 | 1 | |a методы исследования | |
| 610 | 1 | |a изотопозамещенные молекулы | |
| 610 | 1 | |a колебательно-вращательная спектроскопия | |
| 610 | 1 | |a молекулярная спектроскопия | |
| 610 | 1 | |a спектроскопия высокого разрешения | |
| 610 | 1 | |a сероводород | |
| 610 | 1 | |a изотопологи | |
| 610 | 1 | |a атмосферная оптика | |
| 610 | 1 | |a астрофизика | |
| 610 | 1 | |a экспериментальные исследования | |
| 610 | 1 | |a теоретические исследования | |
| 610 | 1 | |a вычислительные алгоритмы | |
| 610 | 1 | |a компьютерные программы | |
| 610 | 1 | |a энергетические структуры | |
| 610 | 1 | |a интенсивность | |
| 610 | 1 | |a изотопозамещения | |
| 610 | 1 | |a квантовая механика | |
| 675 | |a 539.194(04) |v 4 | ||
| 686 | |a 01.04.05 |2 oksvnk | ||
| 700 | 1 | |a Белова |b А. С. |c физик |c техник Томского политехнического университета |f 1993- |g Анастасия Сергеевна |3 (RuTPU)RU\TPU\pers\35992 | |
| 702 | 1 | |a Бехтерева |b Е. С. |c физик |c профессор Томского политехнического университета, доктор физико-математических наук |f 1974- |g Елена Сергеевна |3 (RuTPU)RU\TPU\pers\33044 |4 727 |9 16878 | |
| 712 | 0 | 2 | |a Национальный исследовательский Томский политехнический университет |b Школа базовой инженерной подготовки |b Отделение естественных наук |3 (RuTPU)RU\TPU\col\23562 |
| 712 | 0 | 2 | |a Национальный исследовательский Томский политехнический университет |b Исследовательская школа физики высокоэнергетических процессов |c (2017- ) |3 (RuTPU)RU\TPU\col\23551 |
| 801 | 2 | |a RU |b 63413507 |c 20221220 |g RCR | |
| 856 | 4 | |u http://earchive.tpu.ru/handle/11683/73682 | |
| 942 | |c CF | ||